<?xml version="1.0" encoding="UTF-8"?>
<collection xmlns="http://www.loc.gov/MARC21/slim">
 <record>
  <leader>03204aam a22003378a 4500</leader>
  <controlfield tag="001">NCT_23234</controlfield>
  <controlfield tag="008">160713s2016                  ||||||viesd</controlfield>
  <datafield tag="999" ind1=" " ind2=" ">
   <subfield code="c">1098</subfield>
   <subfield code="d">1098</subfield>
  </datafield>
  <datafield tag="020" ind1=" " ind2=" ">
   <subfield code="c">46000</subfield>
  </datafield>
  <datafield tag="082" ind1="0" ind2="4">
   <subfield code="2">23rd ed.</subfield>
   <subfield code="a">658.151</subfield>
   <subfield code="b">D557</subfield>
  </datafield>
  <datafield tag="100" ind1="1" ind2=" ">
   <subfield code="a">Phạm Văn Dược</subfield>
   <subfield code="e">Chủ biên</subfield>
  </datafield>
  <datafield tag="245" ind1="1" ind2="0">
   <subfield code="a">Phân tích hoạt động kinh doanh</subfield>
   <subfield code="c">Phạm Văn Dược, Huỳnh Đức Lộng, Lê Thị Minh Tuyết (chủ biên)</subfield>
  </datafield>
  <datafield tag="260" ind1=" " ind2=" ">
   <subfield code="a">H.</subfield>
   <subfield code="b">Lao động</subfield>
   <subfield code="c">2009</subfield>
  </datafield>
  <datafield tag="300" ind1=" " ind2=" ">
   <subfield code="a">202 tr.</subfield>
   <subfield code="c">23 cm</subfield>
  </datafield>
  <datafield tag="500" ind1=" " ind2=" ">
   <subfield code="a">ĐTTS ghi: Trường đại học Kinh tế TP Hồ Chí Minh. Khoa kế toán - kiểm toán. Bộ môn kế toán quản trị - phân tích hoạt động kinh doanh</subfield>
  </datafield>
  <datafield tag="520" ind1="3" ind2=" ">
   <subfield code="a">Sách trình bày lý luận chung về phân tích và các phương pháp sử dụng. Phân tích môi trường và chiến lược kinh doanh. Phân tích sử dụng các tiềm năng trong hoạt động kinh doanh. Phân tích kết quả hoạt động sản xuất kinh doanh. Phân tích biến động chi phí sản xuất kinh doanh. Phân tích để ra quyết định ngắn hạn và đầu tư dài hạn trong hoạt động kinh doanh. Phân tích các báo cáo tài chính doanh nghiệp</subfield>
  </datafield>
  <datafield tag="653" ind1=" " ind2=" ">
   <subfield code="a">Quản trị kinh doanh</subfield>
  </datafield>
  <datafield tag="700" ind1="1" ind2=" ">
   <subfield code="a">Huỳnh Đức Lộng</subfield>
   <subfield code="e">Chủ biên</subfield>
  </datafield>
  <datafield tag="700" ind1="1" ind2=" ">
   <subfield code="a">Lê Thị Minh Tuyết</subfield>
   <subfield code="e">Chủ biên</subfield>
  </datafield>
  <datafield tag="942" ind1=" " ind2=" ">
   <subfield code="2">ddc</subfield>
   <subfield code="c">BK</subfield>
  </datafield>
  <datafield tag="952" ind1=" " ind2=" ">
   <subfield code="0">0</subfield>
   <subfield code="1">0</subfield>
   <subfield code="2">ddc</subfield>
   <subfield code="4">0</subfield>
   <subfield code="6">658_151000000000000_D557</subfield>
   <subfield code="7">0</subfield>
   <subfield code="9">11829</subfield>
   <subfield code="a">000001</subfield>
   <subfield code="b">000001</subfield>
   <subfield code="d">2018-07-05</subfield>
   <subfield code="o">658.151 D557</subfield>
   <subfield code="p">MD.06981</subfield>
   <subfield code="r">2018-07-05</subfield>
   <subfield code="v">46000.00</subfield>
   <subfield code="w">2018-07-05</subfield>
   <subfield code="y">BK</subfield>
  </datafield>
  <datafield tag="952" ind1=" " ind2=" ">
   <subfield code="0">0</subfield>
   <subfield code="1">0</subfield>
   <subfield code="2">ddc</subfield>
   <subfield code="4">0</subfield>
   <subfield code="6">658_151000000000000_D557</subfield>
   <subfield code="7">0</subfield>
   <subfield code="9">11830</subfield>
   <subfield code="a">000001</subfield>
   <subfield code="b">000001</subfield>
   <subfield code="d">2018-07-05</subfield>
   <subfield code="o">658.151 D557</subfield>
   <subfield code="p">MD.06982</subfield>
   <subfield code="r">2018-07-05</subfield>
   <subfield code="v">46000.00</subfield>
   <subfield code="w">2018-07-05</subfield>
   <subfield code="y">BK</subfield>
  </datafield>
  <datafield tag="952" ind1=" " ind2=" ">
   <subfield code="0">0</subfield>
   <subfield code="1">0</subfield>
   <subfield code="2">ddc</subfield>
   <subfield code="4">0</subfield>
   <subfield code="6">658_151000000000000_D557</subfield>
   <subfield code="7">0</subfield>
   <subfield code="9">11831</subfield>
   <subfield code="a">000001</subfield>
   <subfield code="b">000001</subfield>
   <subfield code="d">2018-07-05</subfield>
   <subfield code="l">1</subfield>
   <subfield code="o">658.151 D557</subfield>
   <subfield code="p">MD.06983</subfield>
   <subfield code="r">2021-03-16</subfield>
   <subfield code="s">2021-03-03</subfield>
   <subfield code="v">46000.00</subfield>
   <subfield code="w">2018-07-05</subfield>
   <subfield code="y">BK</subfield>
  </datafield>
  <datafield tag="952" ind1=" " ind2=" ">
   <subfield code="0">0</subfield>
   <subfield code="1">0</subfield>
   <subfield code="2">ddc</subfield>
   <subfield code="4">0</subfield>
   <subfield code="6">658_151000000000000_D557</subfield>
   <subfield code="7">0</subfield>
   <subfield code="9">11832</subfield>
   <subfield code="a">000001</subfield>
   <subfield code="b">000001</subfield>
   <subfield code="d">2018-07-05</subfield>
   <subfield code="l">2</subfield>
   <subfield code="o">658.151 D557</subfield>
   <subfield code="p">MD.06984</subfield>
   <subfield code="r">2021-03-26</subfield>
   <subfield code="s">2021-03-23</subfield>
   <subfield code="v">46000.00</subfield>
   <subfield code="w">2018-07-05</subfield>
   <subfield code="y">BK</subfield>
  </datafield>
  <datafield tag="952" ind1=" " ind2=" ">
   <subfield code="0">0</subfield>
   <subfield code="1">0</subfield>
   <subfield code="2">ddc</subfield>
   <subfield code="4">0</subfield>
   <subfield code="6">658_151000000000000_D557</subfield>
   <subfield code="7">0</subfield>
   <subfield code="9">11833</subfield>
   <subfield code="a">000001</subfield>
   <subfield code="b">000001</subfield>
   <subfield code="d">2018-07-05</subfield>
   <subfield code="l">1</subfield>
   <subfield code="o">658.151 D557</subfield>
   <subfield code="p">MD.06985</subfield>
   <subfield code="r">2018-11-07</subfield>
   <subfield code="s">2018-10-30</subfield>
   <subfield code="v">46000.00</subfield>
   <subfield code="w">2018-07-05</subfield>
   <subfield code="y">BK</subfield>
  </datafield>
  <datafield tag="952" ind1=" " ind2=" ">
   <subfield code="0">0</subfield>
   <subfield code="1">0</subfield>
   <subfield code="2">ddc</subfield>
   <subfield code="4">0</subfield>
   <subfield code="6">658_151000000000000_D557</subfield>
   <subfield code="7">0</subfield>
   <subfield code="9">11834</subfield>
   <subfield code="a">000001</subfield>
   <subfield code="b">000001</subfield>
   <subfield code="d">2018-07-05</subfield>
   <subfield code="l">4</subfield>
   <subfield code="o">658.151 D557</subfield>
   <subfield code="p">MD.06986</subfield>
   <subfield code="r">2018-12-27</subfield>
   <subfield code="s">2018-12-25</subfield>
   <subfield code="v">46000.00</subfield>
   <subfield code="w">2018-07-05</subfield>
   <subfield code="y">BK</subfield>
  </datafield>
  <datafield tag="952" ind1=" " ind2=" ">
   <subfield code="0">0</subfield>
   <subfield code="1">0</subfield>
   <subfield code="2">ddc</subfield>
   <subfield code="4">0</subfield>
   <subfield code="6">658_151000000000000_D557</subfield>
   <subfield code="7">0</subfield>
   <subfield code="9">11835</subfield>
   <subfield code="a">000001</subfield>
   <subfield code="b">000001</subfield>
   <subfield code="d">2018-07-05</subfield>
   <subfield code="l">3</subfield>
   <subfield code="o">658.151 D557</subfield>
   <subfield code="p">MD.06987</subfield>
   <subfield code="r">2021-05-17</subfield>
   <subfield code="s">2021-03-23</subfield>
   <subfield code="v">46000.00</subfield>
   <subfield code="w">2018-07-05</subfield>
   <subfield code="y">BK</subfield>
  </datafield>
  <datafield tag="952" ind1=" " ind2=" ">
   <subfield code="0">0</subfield>
   <subfield code="1">0</subfield>
   <subfield code="2">ddc</subfield>
   <subfield code="4">0</subfield>
   <subfield code="6">658_151000000000000_D557</subfield>
   <subfield code="7">0</subfield>
   <subfield code="9">11836</subfield>
   <subfield code="a">000001</subfield>
   <subfield code="b">000001</subfield>
   <subfield code="d">2018-07-05</subfield>
   <subfield code="l">6</subfield>
   <subfield code="o">658.151 D557</subfield>
   <subfield code="p">MD.06988</subfield>
   <subfield code="r">2021-03-09</subfield>
   <subfield code="s">2021-03-03</subfield>
   <subfield code="v">46000.00</subfield>
   <subfield code="w">2018-07-05</subfield>
   <subfield code="y">BK</subfield>
  </datafield>
  <datafield tag="952" ind1=" " ind2=" ">
   <subfield code="0">0</subfield>
   <subfield code="1">0</subfield>
   <subfield code="2">ddc</subfield>
   <subfield code="4">0</subfield>
   <subfield code="6">658_151000000000000_D557</subfield>
   <subfield code="7">0</subfield>
   <subfield code="9">11837</subfield>
   <subfield code="a">000001</subfield>
   <subfield code="b">000001</subfield>
   <subfield code="d">2018-07-05</subfield>
   <subfield code="l">2</subfield>
   <subfield code="o">658.151 D557</subfield>
   <subfield code="p">MD.06989</subfield>
   <subfield code="r">2019-06-04</subfield>
   <subfield code="s">2019-01-08</subfield>
   <subfield code="v">46000.00</subfield>
   <subfield code="w">2018-07-05</subfield>
   <subfield code="y">BK</subfield>
  </datafield>
  <datafield tag="952" ind1=" " ind2=" ">
   <subfield code="0">0</subfield>
   <subfield code="1">0</subfield>
   <subfield code="2">ddc</subfield>
   <subfield code="4">0</subfield>
   <subfield code="6">658_151000000000000_D557</subfield>
   <subfield code="7">0</subfield>
   <subfield code="9">11838</subfield>
   <subfield code="a">000001</subfield>
   <subfield code="b">000001</subfield>
   <subfield code="d">2018-07-05</subfield>
   <subfield code="l">3</subfield>
   <subfield code="o">658.151 D557</subfield>
   <subfield code="p">MD.06990</subfield>
   <subfield code="r">2021-03-16</subfield>
   <subfield code="s">2021-03-03</subfield>
   <subfield code="v">46000.00</subfield>
   <subfield code="w">2018-07-05</subfield>
   <subfield code="y">BK</subfield>
  </datafield>
  <datafield tag="980" ind1=" " ind2=" ">
   <subfield code="a">Thư viện Trường Đại học Nam Cần Thơ</subfield>
  </datafield>
 </record>
</collection>
